| 000 -LEADER |
| fixed length control field |
02245cam a2200421 a 4500 |
| 001 - CONTROL NUMBER |
| control field |
17330507 |
| 003 - CONTROL NUMBER IDENTIFIER |
| control field |
NUST |
| 005 - DATE AND TIME OF LATEST TRANSACTION |
| control field |
20211122103113.0 |
| 008 - FIXED-LENGTH DATA ELEMENTS--GENERAL INFORMATION |
| fixed length control field |
120604s2011 nyua b 001 0 eng d |
| 010 ## - LIBRARY OF CONGRESS CONTROL NUMBER |
| LC control number |
2012406149 |
| 016 7# - NATIONAL BIBLIOGRAPHIC AGENCY CONTROL NUMBER |
| Record control number |
015813027 |
| Source |
Uk |
| 020 ## - INTERNATIONAL STANDARD BOOK NUMBER |
| International Standard Book Number |
9780071622837 |
| 035 ## - SYSTEM CONTROL NUMBER |
| System control number |
(OCoLC)ocn748242487 |
| 038 ## - RECORD CONTENT LICENSOR |
| Staff Name |
khadija |
| 040 ## - CATALOGING SOURCE |
| Original cataloging agency |
SIRPL |
| Transcribing agency |
SIRPL |
| Modifying agency |
BTCTA |
| -- |
YDXCP |
| -- |
UKMGB |
| -- |
BKX |
| -- |
BWX |
| -- |
CDX |
| -- |
DEBBG |
| -- |
DRB |
| -- |
BDX |
| -- |
SZR |
| -- |
DLC |
| 042 ## - AUTHENTICATION CODE |
| Authentication code |
lccopycat |
| 050 00 - LIBRARY OF CONGRESS CALL NUMBER |
| Classification number |
HF5413 |
| Item number |
.W36 2011 |
| 082 04 - DEWEY DECIMAL CLASSIFICATION NUMBER |
| Classification number |
658.1 |
| Edition number |
23 |
| Author Mark |
WAN |
| 100 1# - MAIN ENTRY--PERSONAL NAME |
| Personal name |
Wang, Hsiao-Fan. |
| 9 (RLIN) |
19117 |
| 245 10 - TITLE STATEMENT |
| Title |
Green supply chain management : |
| Remainder of title |
product life cycle approach / |
| Statement of responsibility, etc. |
Hsiao-Fan Wang, Surendra M. Gupta. |
| 260 ## - PUBLICATION, DISTRIBUTION, ETC. |
| Place of publication, distribution, etc. |
New York : |
| Name of publisher, distributor, etc. |
McGraw Hill, |
| Date of publication, distribution, etc. |
c2011. |
| 300 ## - PHYSICAL DESCRIPTION |
| Extent |
xvii, 302 p. : |
| Other physical details |
ill. ; |
| Dimensions |
24 cm. |
| 504 ## - BIBLIOGRAPHY, ETC. NOTE |
| Bibliography, etc. note |
Includes bibliographical references and index. |
| 505 0# - FORMATTED CONTENTS NOTE |
| Formatted contents note |
Mathematical background -- Green engineering -- Green materials -- Environmental design -- Green procurement: vendor selection with risk analysis -- Green production: manufacture and remanufacture in certain and uncertain environments -- Green logistics: recycling with certain and uncertain situations -- Green customers: features and identification -- End-of-life management: Disassembly and reuse -- Database for life cycle assessment: procedure with database -- Web-based information support systems. |
| 563 ## - BINDING INFORMATION |
| Binding note |
HB |
| 650 #0 - SUBJECT ADDED ENTRY--TOPICAL TERM |
| Topical term or geographic name entry element |
Green products. |
| 9 (RLIN) |
19118 |
| 650 #0 - SUBJECT ADDED ENTRY--TOPICAL TERM |
| Topical term or geographic name entry element |
Business logistics. |
| 9 (RLIN) |
19058 |
| 650 07 - SUBJECT ADDED ENTRY--TOPICAL TERM |
| Topical term or geographic name entry element |
Nachhaltigkeit. |
| Source of heading or term |
swd |
| 9 (RLIN) |
19119 |
| 650 07 - SUBJECT ADDED ENTRY--TOPICAL TERM |
| Topical term or geographic name entry element |
Supply Chain Management. |
| Source of heading or term |
swd |
| 9 (RLIN) |
19120 |
| 700 1# - ADDED ENTRY--PERSONAL NAME |
| Personal name |
Gupta, Surendra M. |
| 9 (RLIN) |
19121 |
| 856 ## - ELECTRONIC LOCATION AND ACCESS |
| Uniform Resource Identifier |
<a href="http://bvbr.bib-bvb.de:8991/F?func=service&doc_library=BVB01&doc_number=024522759&line_number=0001&func_code=DB_RECORDS&service_type=MEDIA">http://bvbr.bib-bvb.de:8991/F?func=service&doc_library=BVB01&doc_number=024522759&line_number=0001&func_code=DB_RECORDS&service_type=MEDIA</a> |
| Public note |
Inhaltsverzeichnis |
| 856 42 - ELECTRONIC LOCATION AND ACCESS |
| Materials specified |
Contributor biographical information |
| Uniform Resource Identifier |
<a href="http://www.loc.gov/catdir/enhancements/fy1212/2012406149-b.html">http://www.loc.gov/catdir/enhancements/fy1212/2012406149-b.html</a> |
| 856 42 - ELECTRONIC LOCATION AND ACCESS |
| Materials specified |
Publisher description |
| Uniform Resource Identifier |
<a href="http://www.loc.gov/catdir/enhancements/fy1212/2012406149-d.html">http://www.loc.gov/catdir/enhancements/fy1212/2012406149-d.html</a> |
| 856 41 - ELECTRONIC LOCATION AND ACCESS |
| Materials specified |
Table of contents only |
| Uniform Resource Identifier |
<a href="http://www.loc.gov/catdir/enhancements/fy1212/2012406149-t.html">http://www.loc.gov/catdir/enhancements/fy1212/2012406149-t.html</a> |
| 906 ## - LOCAL DATA ELEMENT F, LDF (RLIN) |
| a |
7 |
| b |
cbc |
| c |
copycat |
| d |
2 |
| e |
ncip |
| f |
20 |
| g |
y-gencatlg |
| 942 ## - ADDED ENTRY ELEMENTS (KOHA) |
| Source of classification or shelving scheme |
|
| Koha item type |
Book |